[Event "DFMMLV 2019"]
[Site "Braunfels"]
[Date "2019.06.21"]
[Round "3.1"]
[White "Khrapko, Marharyta"]
[Black "Li, Zhuoling"]
[Result "0-1"]
[WhiteElo "2074"]
[BlackElo "2140"]
[Annotator "NA"]
[PlyCount "122"]
[EventDate "2019.06.20"]
[EventType "team-tourn"]
[EventCountry "GER"]
[SourceTitle "playchess.com"]
[Source "ChessBase"]
[SourceQuality "1"]
[WhiteTeam "Bayern 1"]
[BlackTeam "Wuerttemberg 1"]
[TimeControl "40/5400+30:1800+30"]

1. e4 {[%emt 0:00:00]} c5 {[%emt 0:00:00]} 2. Nf3 {[%emt 0:00:00]} Nc6 {[%emt 0:00:00]} 3. d4 {[%emt 0:01:06]} cxd4 {[%emt 0:00:00]} 4. Nxd4 {[%emt 0:00:02]} e5 {[%emt 0:00:00]} 5. Nb5 {[%emt 0:00:05]} d6 {[%emt 0:00:06]} 6. N1c3 {[%emt 0:00:08]} a6 {[%emt 0:00:05]} 7. Na3 {[%emt 0:00:04]} b5 {[%emt 0:00:03]} 8. Nd5 {[%emt 0:00:22]} Nge7 {[%emt 0:00:07]} 9. Bg5 {[%emt 0:03:38]} f6 {[%emt 0:01:42]} 10. Be3 {[%emt 0:08:43]} Rb8 {[%emt 0:05:10]} 11. Qh5+ {[%emt 0:12:07]} Ng6 {[%emt 0:00:52]} 12. Bd3 {[%emt 0:00:25]} Be6 {[%emt 0:09:09]} 13. h4 {[%emt 0:05:00]} Bf7 {[%emt 0:27:25]} 14. Qe2 {[%emt 0:04:00]} Nge7 {[%emt 0:02:41]} 15. c4 {[%emt 0:05:10]} bxc4 {[%emt 0:20:33]} 16. Bxc4 {[%emt 0:00:31]} Nxd5 {[%emt 0:00:12]} 17. exd5 {[%emt 0:01:29]} Nb4 {[%emt 0:00:24]} 18. Rd1 {[%emt 0:03:01]} Be7 {[%emt 0:01:22]} 19. Nb1 {[%emt 0:04:48]} Bg6 {[%emt 0:07:35]} 20. Na3 {[%emt 0:04:44]} O-O 21. h5 {[%emt 0:03:36]} Be8 {[%emt 0:06:39]} 22. Nb1 {[%emt 0:01:04]} e4 {[%emt 0:00:04]} 23. Nc3 {[%emt 0:02:44]} f5 {[%emt 0:00:55]} 24. a3 {[%emt 0:02:02]} Nd3+ {[%emt 0:01:10]} 25. Bxd3 {[%emt 0:00:02]} exd3 {[%emt 0:00:04]} 26. Rxd3 {[%emt 0:00:04]} Bf6 {[%emt 0:01:12]} 27. Bd4 {[%emt 0:06:39]} Bxd4 {[%emt 0:04:26]} 28. Rxd4 {[%emt 0:00:03]} Bb5 {[%emt 0:00:12]} 29. Qd2 {[%emt 0:00:40]} Re8+ {[%emt 0:03:20]} 30. Kd1 {[%emt 0:00:03]} Qf6 {[%emt 0:00:15]} 31. Kc1 {[%emt 0:01:43]} Bd7 {[%emt 0:01:50]} 32. Kb1 {[%emt 0:12:29]} Rb7 {[%emt 0:01:17]} 33. Ka2 {[%emt 0:00:59]} Reb8 {[%emt 0:00:29]} 34. Rb1 {[%emt 0:00:07]} Be8 {[%emt 0:00:25]} 35. g4 {[%emt 0:13:15]} fxg4 {[%emt 0:01:09]} 36. Rf4 {[%emt 0:03:08]} Qe5 {[%emt 0:00:57]} 37. b4 {[%emt 0:01:25]} Rc7 {[%emt 0:01:44]} 38. Rb3 {[%emt 0:03:00]} Rbc8 {[%emt 0:02:00]} 39. Re4 {[%emt 0:00:02]} Qxh5 {[%emt 0:00:38]} 40. Qe3 {[%emt 0:00:55]} Bf7 {[%emt 0:00:44]} 41. Rd4 {[%emt 0:06:38]} Qf5 {[%emt 0:03:55]} 42. Kb2 {[%emt 0:02:08]} Re8 {[%emt 0:09:57]} 43. Qd2 {[%emt 0:01:58]} Bg6 {[%emt 0:00:59]} 44. a4 {[%emt 0:02:36]} Rf8 {[%emt 0:04:16]} 45. b5 {[%emt 0:04:17]} axb5 {[%emt 0:00:55]} 46. axb5 {[%emt 0:00:21]} Qxf2 {[%emt 0:00:28]} 47. b6 {[%emt 0:04:31]} Rb7 {[%emt 0:00:17]} 48. Qxf2 {[%emt 0:05:52]} Rxf2+ {[%emt 0:00:02]} 49. Ka3 {[%emt 0:00:41]} g3 {[%emt 0:03:57]} 50. Rg4 {[%emt 0:03:46]} Rf3 {[%emt 0:02:02]} 51. Na4 {[%emt 0:01:49]} Rxb3+ {[%emt 0:00:59]} 52. Kxb3 {[%emt 0:00:02]} Be8 {[%emt 0:00:11]} 53. Nc3 {[%emt 0:01:07]} Rxb6+ {[%emt 0:02:16]} 54. Kc4 {[%emt 0:00:01]} h5 {[%emt 0:02:19]} 55. Rxg3 {[%emt 0:00:17]} Kh7 {[%emt 0:00:29]} 56. Ne4 {[%emt 0:00:40]} Bg6 {[%emt 0:00:50]} 57. Ng5+ {[%emt 0:00:54]} Kh6 {[%emt 0:00:17]} 58. Ne6 {[%emt 0:00:36]} Rb1 {[%emt 0:01:02]} 59. Rf3 {[%emt 0:01:08]} Rc1+ {[%emt 0:00:36]} 60. Kd4 {[%emt 0:00:43]} Rd1+ {[%emt 0:00:10]} 61. Kc4 {[%emt 0:00:30]} Be4 {[%emt 0:00:19] Kd4} 0-1

[Event "DFMMLV 2019"]
[Site "Braunfels"]
[Date "2019.06.21"]
[Round "3.2"]
[White "Meier, Annemarie"]
[Black "Siegl, Melina"]
[Result "1/2-1/2"]
[WhiteElo "2267"]
[BlackElo "2029"]
[Annotator "NA"]
[PlyCount "99"]
[EventDate "2019.06.20"]
[EventType "team-tourn"]
[EventCountry "GER"]
[SourceTitle "playchess.com"]
[Source "ChessBase"]
[SourceQuality "1"]
[WhiteTeam "Wuerttemberg 1"]
[BlackTeam "Bayern 1"]
[TimeControl "40/5400+30:1800+30"]

1. c4 {[%emt 0:00:00]} d6 {[%emt 0:00:00]} 2. Nc3 {[%emt 0:00:00]} g6 {[%emt 0:00:00]} 3. g3 {[%emt 0:01:25]} Bg7 {[%emt 0:00:02]} 4. Bg2 {[%emt 0:00:26]} e5 {[%emt 0:00:24]} 5. e4 {[%emt 0:00:22]} Ne7 {[%emt 0:00:56]} 6. Nge2 {[%emt 0:00:32]} O-O {[%emt 0:01:15]} 7. O-O {[%emt 0:03:27]} Be6 {[%emt 0:05:23]} 8. d3 {[%emt 0:04:48]} Qd7 {[%emt 0:01:59]} 9. Be3 {[%emt 0:03:51]} h6 {[%emt 0:05:25]} 10. Rc1 {[%emt 0:03:36]} Bh3 {[%emt 0:07:19]} 11. d4 {[%emt 0:04:39]} Bxg2 {[%emt 0:09:02]} 12. Kxg2 {[%emt 0:00:12]} Nbc6 {[%emt 0:03:26]} 13. d5 {[%emt 0:05:51]} Nd8 {[%emt 0:02:14]} 14. c5 {[%emt 0:01:59]} g5 {[%emt 0:04:04]} 15. Qb3 {[%emt 0:02:32]} f5 {[%emt 0:16:10]} 16. f3 {[%emt 0:04:18]} f4 {[%emt 0:05:03]} 17. cxd6 {[%emt 0:00:47]} cxd6 {[%emt 0:01:55]} 18. Bd2 {[%emt 0:00:18]} h5 {[%emt 0:10:59]} 19. Qb5 {[%emt 0:00:35]} Ndc6 {[%emt 0:05:32]} 20. dxc6 {[%emt 0:03:12]} bxc6 {[%emt 0:00:05]} 21. Qd3 {[%emt 0:01:32]} Rab8 {[%emt 0:00:28]} 22. Na4 {[%emt 0:03:01]} Rb7 {[%emt 0:03:43]} 23. b3 {[%emt 0:00:51]} Kh8 {[%emt 0:02:32]} 24. h3 {[%emt 0:06:50]} fxg3 {[%emt 0:04:30]} 25. Bxg5 {[%emt 0:00:46]} Bf6 {[%emt 0:01:05]} 26. Qe3 {[%emt 0:03:45]} Ng6 {[%emt 0:05:22]} 27. h4 {[%emt 0:09:11]} Kh7 {[%emt 0:02:00]} 28. Rh1 {[%emt 0:00:40]} Rb5 {[%emt 0:01:35]} 29. Kxg3 {[%emt 0:13:01]} Bxg5 {[%emt 0:00:35]} 30. hxg5 {[%emt 0:01:20]} h4+ {[%emt 0:00:05]} 31. Kf2 {[%emt 0:03:07]} Kg7 {[%emt 0:00:03]} 32. Qc3 {[%emt 0:03:04]} Qg4 {[%emt 0:00:23]} 33. Qe3 {[%emt 0:02:21]} Rb7 {[%emt 0:01:03]} 34. Rcg1 {[%emt 0:00:11]} Qh5 {[%emt 0:00:32]} 35. Ng3 {[%emt 0:04:22]} hxg3+ {[%emt 0:01:05]} 36. Kxg3 {[%emt 0:00:09]} Rxf3+ {[%emt 0:01:02]} 37. Qxf3 {[%emt 0:00:05]} Qxg5+ {[%emt 0:00:04]} 38. Qg4 {[%emt 0:00:27]} Qe3+ {[%emt 0:00:04]} 39. Kh2 {[%emt 0:01:38]} Qh6+ {[%emt 0:00:41]} 40. Qh3 {[%emt 0:03:28]} Qd2+ {[%emt 0:01:15]} 41. Rg2 {[%emt 0:36:50]} Qf4+ {[%emt 0:30:18]} 42. Qg3 {[%emt 0:00:00]} Qh6+ {[%emt 0:00:00]} 43. Kg1 {[%emt 0:00:00]} Qc1+ {[%emt 0:00:00]} 44. Kh2 {[%emt 0:00:00]} Qh6+ {[%emt 0:00:00]} 45. Qh3 {[%emt 0:00:00]} Qf4+ {[%emt 0:00:00]} 46. Qg3 {[%emt 0:00:00]} Qh6+ {[%emt 0:00:00]} 47. Qh3 {[%emt 0:00:00]} Qf4+ {[%emt 0:00:00]} 48. Kg1 {[%emt 0:00:00]} Qc1+ {[%emt 0:00:00]} 49. Kh2 {[%emt 0:00:00]} Qf4+ {[%emt 0:00:00]} 50. Qg3 {[%emt 0:00:00]} 1/2-1/2

[Event "DFMMLV 2019"]
[Site "Braunfels"]
[Date "2019.06.21"]
[Round "3.3"]
[White "Stangl, Anita"]
[Black "Mira, Helene"]
[Result "1-0"]
[WhiteElo "2010"]
[BlackElo "2029"]
[Annotator "NA"]
[PlyCount "137"]
[EventDate "2019.06.20"]
[EventType "team-tourn"]
[EventCountry "GER"]
[SourceTitle "playchess.com"]
[Source "ChessBase"]
[SourceQuality "1"]
[WhiteTeam "Bayern 1"]
[BlackTeam "Wuerttemberg 1"]
[TimeControl "40/5400+30:1800+30"]

1. e4 {[%emt 0:00:00]} e5 {[%emt 0:15:58]} 2. Nf3 {[%emt 0:00:00]} Nc6 {[%emt 0:00:04]} 3. Bc4 {[%emt 0:00:30]} Nf6 {[%emt 0:00:10]} 4. Nc3 {[%emt 0:04:12]} Be7 {[%emt 0:02:36]} 5. O-O {[%emt 0:00:45]} O-O {[%emt 0:00:08]} 6. d3 {[%emt 0:07:26]} d6 {[%emt 0:00:11]} 7. h3 {[%emt 0:00:32]} Na5 {[%emt 0:01:39]} 8. Bb3 {[%emt 0:00:35]} c6 {[%emt 0:00:46]} 9. Ne2 {[%emt 0:04:57]} Ne8 {[%emt 0:02:43]} 10. c3 {[%emt 0:03:39]} Nxb3 {[%emt 0:00:10]} 11. Qxb3 {[%emt 0:00:21]} g6 {[%emt 0:02:40]} 12. Bh6 {[%emt 0:03:40]} Ng7 {[%emt 0:00:08]} 13. d4 {[%emt 0:00:49]} Qc7 {[%emt 0:00:22]} 14. Ng5 {[%emt 0:09:48]} Qb6 {[%emt 0:06:02]} 15. Qxb6 {[%emt 0:06:38]} axb6 {[%emt 0:00:13]} 16. Nf3 {[%emt 0:01:23]} f6 {[%emt 0:01:32]} 17. Be3 {[%emt 0:00:27]} b5 {[%emt 0:00:12]} 18. Rfd1 {[%emt 0:02:59]} Be6 {[%emt 0:03:06]} 19. a3 {[%emt 0:05:46]} Bb3 {[%emt 0:02:42]} 20. Rd2 {[%emt 0:01:09]} Rfd8 {[%emt 0:08:01]} 21. d5 {[%emt 0:01:26]} f5 {[%emt 0:01:15]} 22. Bb6 {[%emt 0:03:59]} Rdc8 {[%emt 0:00:31]} 23. Nc1 {[%emt 0:09:13]} fxe4 {[%emt 0:00:16]} 24. Nxe5 {[%emt 0:03:25]} Bxd5 {[%emt 0:00:24]} 25. Ng4 {[%emt 0:01:40]} h5 {[%emt 0:00:37]} 26. Ne3 {[%emt 0:00:34]} Be6 {[%emt 0:00:16]} 27. Bd4 {[%emt 0:03:35]} Ne8 {[%emt 0:01:04]} 28. Nf1 {[%emt 0:02:33]} c5 {[%emt 0:04:20]} 29. Be3 {[%emt 0:00:48]} d5 {[%emt 0:00:55]} 30. Ne2 {[%emt 0:00:08]} Bf7 {[%emt 0:04:45]} 31. Bf4 {[%emt 0:04:31]} Bf6 {[%emt 0:00:37]} 32. Ne3 {[%emt 0:00:53]} b4 {[%emt 0:01:28]} 33. Nxd5 {[%emt 0:02:21]} Bxd5 {[%emt 0:00:13]} 34. Rxd5 {[%emt 0:00:40]} bxa3 {[%emt 0:00:27]} 35. Rxa3 {[%emt 0:04:07]} Rxa3 {[%emt 0:00:22]} 36. bxa3 {[%emt 0:00:08]} b6 {[%emt 0:05:33]} 37. Rd7 {[%emt 0:05:36]} Ra8 {[%emt 0:10:25]} 38. Bc1 {[%emt 0:01:10]} b5 {[%emt 0:04:23]} 39. Rb7 {[%emt 0:01:52]} b4 {[%emt 0:09:03]} 40. cxb4 {[%emt 0:02:24]} c4 41. Rd7 {[%emt 0:31:17]} c3 {[%emt 0:31:02]} 42. Ng3 {[%emt 0:01:10]} e3 {[%emt 0:03:09]} 43. fxe3 {[%emt 0:00:00]} Be5 {[%emt 0:00:00]} 44. Ne2 {[%emt 0:00:00]} Nd6 {[%emt 0:00:00]} 45. Nxc3 {[%emt 0:00:00]} Rc8 {[%emt 0:00:00]} 46. Ne2 {[%emt 0:00:00]} Rc2 {[%emt 0:00:00]} 47. Kf1 {[%emt 0:00:00]} Ne4 {[%emt 0:00:00]} 48. Ke1 {[%emt 0:00:00]} Ng3 {[%emt 0:00:00]} 49. Nxg3 {[%emt 0:00:00]} Rxc1+ {[%emt 0:00:00]} 50. Kf2 {[%emt 0:00:00]} Ra1 {[%emt 0:00:00]} 51. Ra7 {[%emt 0:00:00]} Bc3 {[%emt 0:00:00]} 52. b5 {[%emt 0:00:00]} Bb4 {[%emt 0:00:00]} 53. a4 {[%emt 0:00:00]} Bc5 {[%emt 0:00:00]} 54. Ra8+ {[%emt 0:00:00]} Kg7 {[%emt 0:00:00]} 55. Ne4 {[%emt 0:00:00]} Bb6 {[%emt 0:00:00]} 56. Ra6 {[%emt 0:00:00]} Bd8 {[%emt 0:00:00]} 57. Ra7+ {[%emt 0:01:07]} Kh6 {[%emt 0:00:00]} 58. Nd6 {[%emt 0:01:55]} Bb6 {[%emt 0:00:00]} 59. Ra6 {[%emt 0:02:00]} Bc5 {[%emt 0:00:00]} 60. Ne4 {[%emt 0:00:35]} Bb4 {[%emt 0:00:00]} 61. b6 {[%emt 0:00:31]} Be1+ {[%emt 0:00:00]} 62. Ke2 {[%emt 0:00:18]} Rb1 {[%emt 0:00:00]} 63. a5 {[%emt 0:00:25]} Bh4 {[%emt 0:01:58]} 64. Ra7 {[%emt 0:00:42]} Rb2+ {[%emt 0:01:36]} 65. Kd3 {[%emt 0:00:44]} Rxg2 {[%emt 0:03:21]} 66. b7 {[%emt 0:00:57]} Rb2 {[%emt 0:00:13]} 67. a6 {[%emt 0:00:21]} Bd8 {[%emt 0:00:09]} 68. Ra8 {[%emt 0:00:15]} Bc7 {[%emt 0:00:01]} 69. Rc8 {[%emt 0:00:15]} 1-0

[Event "DFMMLV 2019"]
[Site "Braunfels"]
[Date "2019.06.21"]
[Round "3.4"]
[White "Gheng, Simona"]
[Black "Ankerst, Milka"]
[Result "1-0"]
[WhiteElo "1991"]
[BlackElo "2005"]
[Annotator "NA"]
[PlyCount "59"]
[EventDate "2019.06.20"]
[EventType "team-tourn"]
[EventCountry "GER"]
[SourceTitle "playchess.com"]
[Source "ChessBase"]
[SourceQuality "1"]
[WhiteTeam "Wuerttemberg 1"]
[BlackTeam "Bayern 1"]
[TimeControl "40/5400+30:1800+30"]

1. e4 {[%emt 0:00:00]} c5 {[%emt 0:00:00]} 2. c4 {[%emt 0:00:00]} Nc6 {[%emt 0:00:32]} 3. Nc3 {[%emt 0:00:02]} g6 {[%emt 0:01:02]} 4. g3 {[%emt 0:00:15]} Bg7 {[%emt 0:00:14]} 5. Bg2 {[%emt 0:00:31]} d6 {[%emt 0:00:53]} 6. d3 {[%emt 0:00:33]} e6 {[%emt 0:01:22]} 7. Nge2 {[%emt 0:00:13]} Nge7 {[%emt 0:00:39]} 8. O-O {[%emt 0:00:18]} O-O {[%emt 0:00:48]} 9. a3 {[%emt 0:00:13]} Rb8 {[%emt 0:03:40]} 10. Rb1 {[%emt 0:00:09]} a6 {[%emt 0:12:54]} 11. b4 {[%emt 0:01:56]} cxb4 {[%emt 0:06:13]} 12. axb4 {[%emt 0:00:15]} b5 {[%emt 0:00:49]} 13. cxb5 {[%emt 0:03:18]} axb5 {[%emt 0:00:31]} 14. d4 {[%emt 0:01:02]} Qd7 {[%emt 0:06:54]} 15. Be3 {[%emt 0:04:02]} f5 {[%emt 0:02:29]} 16. d5 {[%emt 0:03:03]} exd5 {[%emt 0:07:34]} 17. exf5 {[%emt 0:02:44]} Qxf5 {[%emt 0:03:21]} 18. Nxd5 {[%emt 0:01:15]} Rd8 {[%emt 0:04:15]} 19. Bb6 {[%emt 0:05:57]} Rd7 {[%emt 0:00:59]} 20. Nef4 {[%emt 0:03:48]} Nxd5 {[%emt 0:07:22]} 21. Bxd5+ {[%emt 0:05:17]} Kh8 {[%emt 0:00:34]} 22. Bxc6 {[%emt 0:00:16]} Rxb6 {[%emt 0:01:17]} 23. Bxd7 {[%emt 0:00:05]} Bxd7 {[%emt 0:01:24]} 24. Qe2 {[%emt 0:06:00]} h6 {[%emt 0:02:15]} 25. Rfd1 {[%emt 0:01:12]} Ra6 {[%emt 0:01:07]} 26. Rbc1 {[%emt 0:01:16]} Qf7 {[%emt 0:08:37]} 27. Rc7 {[%emt 0:02:55]} Be5 {[%emt 0:02:32]} 28. Rxd7 {[%emt 0:01:16]} Qxd7 {[%emt 0:03:10]} 29. Nxg6+ {[%emt 0:00:46]} Kg7 {[%emt 0:00:10]} 30. Nxe5 1-0

[Event "DFMMLV 2019"]
[Site "Braunfels"]
[Date "2019.06.21"]
[Round "3.5"]
[White "Mehling, Katharina"]
[Black "Zeller, Elisa"]
[Result "0-1"]
[WhiteElo "1974"]
[BlackElo "1953"]
[Annotator "NA"]
[PlyCount "64"]
[EventDate "2019.06.20"]
[EventType "team-tourn"]
[EventCountry "GER"]
[SourceTitle "playchess.com"]
[Source "ChessBase"]
[SourceQuality "1"]
[WhiteTeam "Bayern 1"]
[BlackTeam "Wuerttemberg 1"]
[TimeControl "40/5400+30:1800+30"]

1. e4 {[%emt 0:00:00]} e6 {[%emt 0:00:00]} 2. d4 {[%emt 0:00:00]} d5 {[%emt 0:00:00]} 3. Nd2 {[%emt 0:00:00]} c5 {[%emt 0:00:13]} 4. exd5 {[%emt 0:00:02]} Qxd5 {[%emt 0:00:08]} 5. Ngf3 {[%emt 0:00:11]} cxd4 {[%emt 0:00:05]} 6. Bc4 {[%emt 0:00:07]} Qd7 {[%emt 0:00:13]} 7. O-O {[%emt 0:00:09]} Nc6 {[%emt 0:00:14]} 8. Nb3 {[%emt 0:00:11]} a6 {[%emt 0:00:07]} 9. a4 {[%emt 0:00:15]} Nf6 {[%emt 0:00:22]} 10. Qe2 {[%emt 0:00:10]} Qc7 {[%emt 0:02:37]} 11. Nbxd4 {[%emt 0:06:33]} Nxd4 {[%emt 0:04:41]} 12. Nxd4 {[%emt 0:00:08]} Be7 {[%emt 0:01:06]} 13. b3 {[%emt 0:03:47]} O-O {[%emt 0:01:12]} 14. Bb2 {[%emt 0:01:00]} e5 {[%emt 0:03:07]} 15. Nf3 {[%emt 0:02:37]} e4 {[%emt 0:00:14]} 16. Nd2 {[%emt 0:03:28]} Bg4 {[%emt 0:00:36]} 17. Qe3 {[%emt 0:01:56]} Bf5 {[%emt 0:01:01]} 18. Qg5 {[%emt 0:07:51]} Bg6 {[%emt 0:00:38]} 19. Rfe1 {[%emt 0:02:43]} e3 {[%emt 0:19:27]} 20. Qxe3 {[%emt 0:14:40]} Ng4 {[%emt 0:00:18]} 21. Qxe7 {[%emt 0:22:39]} Qxh2+ {[%emt 0:00:05]} 22. Kf1 {[%emt 0:00:03]} Rae8 {[%emt 0:00:09]} 23. Qxf8+ {[%emt 0:05:00]} Rxf8 {[%emt 0:00:06]} 24. Nf3 {[%emt 0:02:29]} Qh1+ {[%emt 0:00:45]} 25. Ng1 {[%emt 0:00:07]} Nh2+ {[%emt 0:01:34]} 26. Ke2 {[%emt 0:00:04]} Qxg2 {[%emt 0:00:22]} 27. Kd2 {[%emt 0:01:31]} Qxf2+ {[%emt 0:00:45]} 28. Re2 {[%emt 0:00:13]} Qf4+ {[%emt 0:01:38]} 29. Ke1 {[%emt 0:01:16]} Ng4 {[%emt 0:04:38]} 30. Bc3 {[%emt 0:04:09]} Qg3+ {[%emt 0:03:05]} 31. Kd2 {[%emt 0:00:08]} Rd8+ {[%emt 0:00:20]} 32. Kc1 {[%emt 0:00:27]} Qxc3 {[%emt 0:00:28]} 0-1

[Event "DFMMLV 2019"]
[Site "Braunfels"]
[Date "2019.06.21"]
[Round "3.6"]
[White "Heil, Marina"]
[Black "Braun, Kristin"]
[Result "1/2-1/2"]
[WhiteElo "1979"]
[BlackElo "1895"]
[Annotator "NA"]
[PlyCount "51"]
[EventDate "2019.06.20"]
[EventType "team-tourn"]
[EventCountry "GER"]
[SourceTitle "playchess.com"]
[Source "ChessBase"]
[SourceQuality "1"]
[WhiteTeam "Wuerttemberg 1"]
[BlackTeam "Bayern 1"]
[TimeControl "40/5400+30:1800+30"]

1. e4 {[%emt 0:00:00]} c5 {[%emt 0:00:00]} 2. d3 {[%emt 0:00:00]} a6 {[%emt 0:00:00]} 3. f4 {[%emt 0:00:00]} b5 {[%emt 0:00:04]} 4. a3 {[%emt 0:00:26]} Bb7 {[%emt 0:00:11]} 5. Nf3 {[%emt 0:00:21]} e6 {[%emt 0:00:17]} 6. Be2 {[%emt 0:00:26]} d5 {[%emt 0:00:15]} 7. Nbd2 {[%emt 0:03:22]} Nf6 {[%emt 0:09:06]} 8. e5 {[%emt 0:02:12]} Ng4 {[%emt 0:00:58]} 9. Nf1 {[%emt 0:00:49]} Be7 {[%emt 0:07:13]} 10. h3 {[%emt 0:01:58]} Nh6 {[%emt 0:00:25]} 11. Be3 {[%emt 0:01:20]} Nf5 {[%emt 0:02:18]} 12. Bf2 {[%emt 0:00:32]} Nh4 {[%emt 0:09:05]} 13. Rg1 {[%emt 0:05:30]} Nxf3+ {[%emt 0:02:56]} 14. Bxf3 {[%emt 0:00:11]} Nc6 {[%emt 0:03:31]} 15. Qe2 {[%emt 0:07:34]} a5 {[%emt 0:09:36]} 16. Nd2 {[%emt 0:05:04]} a4 {[%emt 0:00:37]} 17. c3 {[%emt 0:08:48]} b4 {[%emt 0:04:06]} 18. Rb1 {[%emt 0:07:28]} Qa5 {[%emt 0:05:09]} 19. c4 {[%emt 0:01:46]} Nd4 {[%emt 0:02:27]} 20. Bxd4 {[%emt 0:01:36]} cxd4 {[%emt 0:00:25]} 21. Kf2 {[%emt 0:02:07]} O-O {[%emt 0:02:34]} 22. Rgd1 {[%emt 0:08:48]} Rab8 {[%emt 0:02:14]} 23. axb4 {[%emt 0:02:20]} Bxb4 {[%emt 0:01:14]} 24. Ra1 {[%emt 0:01:08]} Bxd2 {[%emt 0:04:07]} 25. Rxd2 {[%emt 0:02:52]} dxc4 {[%emt 0:02:03]} 26. dxc4 {[%emt 0:00:57]} 1/2-1/2

[Event "DFMMLV 2019"]
[Site "Braunfels"]
[Date "2019.06.21"]
[Round "3.7"]
[White "Woniak, Katarzyna"]
[Black "Valkova, Anzhelika"]
[Result "1-0"]
[WhiteElo "1915"]
[BlackElo "1944"]
[Annotator "NA"]
[PlyCount "97"]
[EventDate "2019.06.20"]
[EventType "team-tourn"]
[EventCountry "GER"]
[SourceTitle "playchess.com"]
[Source "ChessBase"]
[SourceQuality "1"]
[WhiteTeam "Bayern 1"]
[BlackTeam "Wuerttemberg 1"]
[TimeControl "40/5400+30:1800+30"]

1. Nf3 {[%emt 0:00:00]} Nf6 {[%emt 0:00:00]} 2. g3 {[%emt 0:00:13]} g6 {[%emt 0:00:00]} 3. Bg2 {[%emt 0:00:03]} Bg7 {[%emt 0:00:00]} 4. O-O {[%emt 0:00:05]} O-O {[%emt 0:00:00]} 5. c4 {[%emt 0:04:35]} d6 {[%emt 0:00:00]} 6. Nc3 {[%emt 0:00:19]} c5 {[%emt 0:00:38]} 7. d3 {[%emt 0:03:26]} Nc6 {[%emt 0:01:47]} 8. Rb1 {[%emt 0:00:51]} Nd7 {[%emt 0:06:53]} 9. Nd5 {[%emt 0:02:34]} e6 {[%emt 0:00:52]} 10. Ne3 {[%emt 0:00:30]} Rb8 {[%emt 0:00:23]} 11. Nc2 {[%emt 0:04:43]} b5 {[%emt 0:03:56]} 12. cxb5 {[%emt 0:03:12]} Rxb5 {[%emt 0:00:05]} 13. d4 {[%emt 0:02:28]} cxd4 {[%emt 0:01:48]} 14. Nfxd4 {[%emt 0:00:48]} Nxd4 {[%emt 0:00:15]} 15. Nxd4 {[%emt 0:00:17]} Rb6 {[%emt 0:01:22]} 16. Be3 {[%emt 0:07:50]} Ne5 {[%emt 0:04:57]} 17. Nb3 {[%emt 0:04:31]} Ra6 {[%emt 0:01:12]} 18. a3 {[%emt 0:00:24]} Nc4 {[%emt 0:03:36]} 19. Bd4 {[%emt 0:01:38]} e5 {[%emt 0:00:06]} 20. Bc3 {[%emt 0:01:09]} Be6 {[%emt 0:00:15]} 21. Nd2 {[%emt 0:02:42]} Qb6 {[%emt 0:05:00]} 22. Nxc4 {[%emt 0:07:28]} Bxc4 {[%emt 0:00:05]} 23. Bb4 {[%emt 0:00:34]} Rd8 {[%emt 0:03:22]} 24. Rc1 {[%emt 0:04:52]} Qb5 {[%emt 0:01:36]} 25. Re1 {[%emt 0:00:06]} Bh6 {[%emt 0:15:47]} 26. e3 {[%emt 0:07:31]} d5 {[%emt 0:03:04]} 27. b3 {[%emt 0:08:01]} Bd3 {[%emt 0:00:15]} 28. Rc5 {[%emt 0:00:17]} Qb6 {[%emt 0:09:54]} 29. Qxd3 {[%emt 0:00:05]} e4 {[%emt 0:00:28]} 30. Qc2 {[%emt 0:03:12]} Bf8 {[%emt 0:04:06]} 31. Bf1 {[%emt 0:06:30]} Bxc5 {[%emt 0:00:06]} 32. Bxc5 {[%emt 0:00:11]} Qa5 {[%emt 0:01:47]} 33. Bb4 {[%emt 0:04:09]} Qb6 {[%emt 0:00:06]} 34. Bxa6 {[%emt 0:00:05]} Qxa6 {[%emt 0:00:04]} 35. Rc1 {[%emt 0:00:47]} Qb5 {[%emt 0:05:44]} 36. Qc7 {[%emt 0:03:48]} Ra8 {[%emt 0:03:09]} 37. Qe5 {[%emt 0:01:08]} Re8 {[%emt 0:01:19]} 38. Qd4 {[%emt 0:01:08]} Qd7 {[%emt 0:01:29]} 39. Bc3 {[%emt 0:01:29]} Kf8 {[%emt 0:00:11]} 40. Qg7+ {[%emt 0:03:11]} Ke7 {[%emt 0:00:05]} 41. Qxh7 {[%emt 0:32:45]} Qf5 {[%emt 0:36:11]} 42. Qg7 {[%emt 0:04:43]} Ke6 {[%emt 0:03:56]} 43. Bd4 {[%emt 0:02:11]} Kd7 {[%emt 0:01:16]} 44. Bxa7 {[%emt 0:01:32]} Qf3 {[%emt 0:01:37]} 45. Qd4 {[%emt 0:02:08]} Rd8 {[%emt 0:05:35]} 46. Qxd5+ {[%emt 0:00:00]} Ke8 {[%emt 0:00:00]} 47. Qe5+ {[%emt 0:00:00]} Kf8 {[%emt 0:00:00]} 48. Bd4 {[%emt 0:00:00]} Re8 {[%emt 0:00:00]} 49. Bc5+ {[%emt 0:00:00]} 1-0

[Event "DFMMLV 2019"]
[Site "Braunfels"]
[Date "2019.06.21"]
[Round "3.8"]
[White "Noppes, Marina"]
[Black "Spiel, Marianne"]
[Result "1-0"]
[WhiteElo "1983"]
[BlackElo "1894"]
[Annotator "NA"]
[PlyCount "33"]
[EventDate "2019.06.20"]
[EventType "team-tourn"]
[EventCountry "GER"]
[SourceTitle "playchess.com"]
[Source "ChessBase"]
[SourceQuality "1"]
[WhiteTeam "Wuerttemberg 1"]
[BlackTeam "Bayern 1"]
[TimeControl "40/5400+30:1800+30"]

1. d4 {[%emt 0:00:00]} Nf6 {[%emt 0:00:00]} 2. Nf3 {[%emt 0:00:00]} d5 {[%emt 0:00:15]} 3. c4 {[%emt 0:00:25]} c6 {[%emt 0:02:10]} 4. g3 {[%emt 0:02:48]} Bf5 {[%emt 0:15:54]} 5. Bg2 {[%emt 0:01:38]} Bxb1 {[%emt 0:08:09]} 6. Rxb1 {[%emt 0:01:06]} Qa5+ {[%emt 0:00:14]} 7. Bd2 {[%emt 0:21:41]} Qxa2 {[%emt 0:02:21]} 8. c5 {[%emt 0:01:08]} Ne4 {[%emt 0:05:26]} 9. O-O {[%emt 0:00:09]} Nd7 {[%emt 0:08:41]} 10. Qc2 {[%emt 0:18:44]} Nxd2 {[%emt 0:05:34]} 11. Qxd2 {[%emt 0:09:47]} g6 {[%emt 0:03:50]} 12. Ra1 {[%emt 0:04:28]} Qb3 {[%emt 0:11:57]} 13. Ra3 {[%emt 0:05:13]} Qb5 {[%emt 0:00:54]} 14. Ra5 {[%emt 0:00:22]} Qb3 {[%emt 0:00:31]} 15. Rfa1 {[%emt 0:03:02]} b6 {[%emt 0:00:54]} 16. R1a3 {[%emt 0:01:09]} Qc4 {[%emt 0:01:00]} 17. b3 {[%emt 0:00:15]} 1-0